[Event "SUI-ch U12"]
[Site "Kreuzlingen"]
[Date "2016.07.01"]
[Round "4.2"]
[White "Schlegel, Igor"]
[Black "Tschopp, Olivier"]
[Result "1-0"]
[WhiteElo "1830"]
[BlackElo "1566"]
[PlyCount "83"]
[EventDate "2016.??.??"]

1. e4 e5 2. Nf3 Nc6 3. Bc4 Bc5 4. b4 Bb6 5. a4 a6 6. Nc3 d6 7. Nd5 Nge7 8. Nxb6
cxb6 9. b5 axb5 10. Bxb5 Bd7 11. O-O O-O 12. Bb2 Ng6 13. d4 exd4 14. Nxd4 Re8
15. Nf5 Bxf5 16. exf5 Nf8 17. f6 g6 18. Qd2 Nd7 19. Qxd6 Re6 20. Qf4 Nxf6 21.
Rad1 Qe7 22. Bc4 Re4 23. Qg5 Rxc4 24. Bxf6 Qf8 25. Rd3 Rcxa4 26. Re1 Rg4 27.
Qd5 Ra7 28. Rde3 Ra8 29. Qd7 Rc4 30. Re8 Rxc2 31. Rxf8+ Rxf8 32. Qh3 Nd8 33.
Qd3 Rc8 34. h4 Ne6 35. h5 Nf4 36. Qb5 Nxh5 37. Bd4 Nf4 38. Qe5 f6 39. Qxf4 Rc4
40. Re7 g5 41. Qe4 Rf7 42. Qd5 1-0

[Event "SUI-ch U12"]
[Site "Kreuzlingen"]
[Date "2016.07.01"]
[Round "4.3"]
[White "Tamrazyan, Gohar"]
[Black "Python, Noe"]
[Result "1-0"]
[WhiteElo "1727"]
[BlackElo "1502"]
[PlyCount "133"]
[EventDate "2016.??.??"]

1. e4 d6 2. d4 Nf6 3. Nc3 Nbd7 4. Bc4 e5 5. dxe5 dxe5 6. Bg5 Be7 7. Nf3 O-O 8.
Bxf6 Bxf6 9. Nd5 Nc5 10. Nxf6+ Qxf6 11. Qd5 Nd7 12. O-O Nb6 13. Qc5 Nxc4 14.
Qxc4 c6 15. Qc3 Re8 16. h3 Bd7 17. Rad1 Be6 18. Rd6 Qf4 19. Qb4 Rab8 20. Rfd1
Bxh3 21. gxh3 Qxf3 22. R1d3 Qf4 23. Rd7 Qc1+ 24. Rd1 Qg5+ 25. Kf1 Qh4 26. R1d3
h6 27. Qb3 Rf8 28. Rf3 Rbd8 29. Rfxf7 Rxd7 30. Rf4+ Rdf7 31. Rxh4 Kh7 32. Qe3
b6 33. Rh5 Re8 34. Qc3 Ref8 35. Qg3 Rf4 36. Rxe5 R8f7 37. Re6 g5 38. Rxc6 Kg7
39. e5 Re7 40. e6 Kf6 41. Qc3+ Kg6 42. Qe5 Rf5 43. Qe4 Kf6 44. Qd4+ Re5 45. f4
gxf4 46. Qxf4+ Rf5 47. Qxf5+ Kxf5 48. Kf2 Ke5 49. c4 Rxe6 50. Rxe6+ Kxe6 51. b4
a6 52. Ke3 Ke5 53. a4 h5 54. h4 Ke6 55. Kd4 Kd7 56. Kd5 Kc7 57. c5 bxc5 58.
bxc5 a5 59. c6 Kc8 60. Kc5 Kc7 61. Kb5 Kc8 62. Kxa5 Kc7 63. Kb5 Kc8 64. a5 Kb8
65. Kb6 Ka8 66. Kc7 Ka7 67. Kd7 1-0

[Event "SUI-ch U12"]
[Site "Kreuzlingen"]
[Date "2016.07.01"]
[Round "4.4"]
[White "Cordey, Colin"]
[Black "Binz, Lennox"]
[Result "1-0"]
[WhiteElo "1761"]
[BlackElo "1669"]
[PlyCount "101"]
[EventDate "2016.??.??"]

1. d4 Nf6 2. Nf3 g6 3. Nc3 Bg7 4. e4 d6 5. h3 O-O 6. Be3 a6 7. Bd3 e5 8. dxe5
dxe5 9. O-O Nc6 10. Qd2 Qd6 11. Rad1 Be6 12. Bh6 Rad8 13. Bxg7 Kxg7 14. a3 Nh5
15. Qe3 Qe7 16. Rfe1 Nf4 17. Bf1 Rd7 18. Rxd7 Bxd7 19. Kh2 Be6 20. g3 Nh5 21.
Rd1 Nf6 22. Nd5 Qd6 23. c4 Rd8 24. Be2 Bc8 25. c5 Qe6 26. Ng5 Qe8 27. Nxc7 Qf8
28. Nd5 h6 29. Nxf6 Rxd1 30. Bxd1 hxg5 31. Nd5 Qh8 32. g4 Qd8 33. b4 Ne7 34.
Bb3 Nc6 35. Ba2 Nd4 36. Kg2 Be6 37. f3 Nc6 38. Qd2 Ne7 39. Qxg5 Bxd5 40. Qxe5+
f6 41. Qd4 Qd7 42. exd5 Qa4 43. Qe4 Ng8 44. Qd3 Qd7 45. d6 Ne7 46. Qc4 Nc6 47.
Qg8+ Kh6 48. Qh8+ Kg5 49. h4+ Kf4 50. Qh6+ Ke5 51. Qe3# 1-0

[Event "SUI-ch U12"]
[Site "Kreuzlingen"]
[Date "2016.07.01"]
[Round "4.5"]
[White "Villanyi, Alexia"]
[Black "Bounlom, Jannik"]
[Result "1-0"]
[WhiteElo "1668"]
[BlackElo "1817"]
[PlyCount "57"]
[EventDate "2016.??.??"]

1. e4 e5 2. Nf3 Nc6 3. Nc3 Nf6 4. Bb5 Nd4 5. d3 Nxb5 6. Nxb5 c6 7. Nc3 d6 8.
Ne2 g6 9. O-O Bg7 10. Be3 Qc7 11. Ng3 h6 12. Qd2 Ng4 13. d4 Nxe3 14. fxe3 O-O
15. c4 b6 16. b3 Bb7 17. Rae1 a6 18. h4 Rad8 19. h5 d5 20. Qf2 g5 21. Rd1 dxe4
22. Nxe4 exd4 23. exd4 g4 24. Nh4 c5 25. d5 Qe5 26. Nf6+ Kh8 27. Qf5 Qe3+ 28.
Rf2 Qg5 29. Qh7# 1-0

[Event "SUI-ch U12"]
[Site "Kreuzlingen"]
[Date "2016.07.01"]
[Round "4.6"]
[White "Kostina, Veronika"]
[Black "Stijve, Niels"]
[Result "0-1"]
[WhiteElo "1635"]
[BlackElo "1662"]
[PlyCount "132"]
[EventDate "2016.??.??"]

1. e4 Nf6 2. e5 Nd5 3. c4 Nb6 4. d4 d6 5. Nf3 Nc6 6. exd6 cxd6 7. Nc3 g6 8. Be2
Bg7 9. O-O O-O 10. h3 Bf5 11. a3 a5 12. Be3 a4 13. Qd2 Na5 14. Qd1 Naxc4 15.
Bxc4 Nxc4 16. Nxa4 b5 17. Nc3 Nxb2 18. Qb3 Nc4 19. Nxb5 Be6 20. Qd3 Nb6 21.
Rfc1 Ra5 22. Nc3 Qa8 23. Ne2 Bxh3 24. Bd2 Bf5 25. Qe3 Nd5 26. Qb3 Ra6 27. Nc3
Be6 28. Qb2 Rb8 29. Qc2 Bf5 30. Qd1 Bg4 31. Be3 Nxe3 32. fxe3 Rxa3 33. Rxa3
Qxa3 34. Qe1 Rc8 35. Nh2 Bd7 36. Nf1 e5 37. dxe5 Bxe5 38. Ne2 Rxc1 39. Qxc1 Qa7
40. Qc4 Be6 41. Qc6 Qe7 42. Qa8+ Kg7 43. Qf3 Qh4 44. g3 Qg5 45. Nf4 Bxf4 46.
Qxf4 Qxf4 47. exf4 Kf6 48. Ne3 h6 49. Kf2 g5 50. Kf3 g4+ 51. Nxg4+ Bxg4+ 52.
Kxg4 d5 53. Kf3 h5 54. Ke3 Kf5 55. Kd4 Kg4 56. Kxd5 Kxg3 57. Ke5 h4 58. f5 Kg4
59. f6 h3 60. Kd6 Kf5 61. Ke7 Kg6 62. Kf8 h2 63. Ke7 h1=Q 64. Kf8 Qb7 65. Ke8
Qc7 66. Kf8 Qd8# 0-1

[Event "SUI-ch U12"]
[Site "Kreuzlingen"]
[Date "2016.07.01"]
[Round "4.7"]
[White "Demiraj, Damian"]
[Black "Monnier, Shakil"]
[Result "0-1"]
[WhiteElo "1565"]
[BlackElo "1453"]
[PlyCount "152"]
[EventDate "2016.??.??"]

1. e4 e5 2. Nf3 Nc6 3. d4 exd4 4. Nxd4 Bc5 5. Be3 Qf6 6. Nb5 Bxe3 7. fxe3 Qh4+
8. Kd2 Qd8 9. Qg4 g6 10. N1c3 d6 11. Qf4 a6 12. Nd4 Nf6 13. Nd5 Nxd5 14. exd5
Ne5 15. Be2 O-O 16. h4 h5 17. Nf3 Nxf3+ 18. Bxf3 Kg7 19. g4 Bxg4 20. Bxg4 hxg4
21. Qxg4 Qf6 22. c3 Qf2+ 23. Qe2 Qxe2+ 24. Kxe2 Rh8 25. Rag1 Rh5 26. Rg5 Rah8
27. Rxh5 Rxh5 28. c4 g5 29. Rg1 Rxh4 30. Rxg5+ Kf6 31. Rg8 Rxc4 32. Kd3 Rb4 33.
b3 Ke5 34. e4 Rd4+ 35. Kc3 Rxe4 36. Rc8 Kxd5 37. Rxc7 b6 38. Rxf7 Kc6 39. Rf8
Rh4 40. Rc8+ Kb5 41. a4+ Ka5 42. Rd8 Rh3+ 43. Kc2 Rh2+ 44. Kc3 Rh3+ 45. Kc2 Rh6
46. Kc3 Rg6 47. Kb2 Kb4 48. Rc8 Rg2+ 49. Rc2 Rxc2+ 50. Kxc2 Ka3 51. Kc3 d5 52.
Kc2 d4 53. a5 b5 54. Kd3 Kxb3 55. Kxd4 Kb4 56. Kd3 Kxa5 57. Kc3 Kb6 58. Kb4 a5+
59. Kb3 Kc5 60. Ka3 Kc4 61. Kb2 b4 62. Kc2 a4 63. Kb2 b3 64. Ka1 Kc3 65. Kb1 a3
66. Kc1 a2 67. Kd1 a1=Q+ 68. Ke2 Qb2+ 69. Ke3 Qd2+ 70. Ke4 Qd4+ 71. Kf5 Qe3 72.
Kf6 b2 73. Kf5 b1=Q+ 74. Kf6 Qf1+ 75. Kg6 Qg3+ 76. Kh5 Qh1# 0-1

[Event "SUI-ch U12"]
[Site "Kreuzlingen"]
[Date "2016.07.01"]
[Round "4.8"]
[White "Peter, Yul"]
[Black "Kannan, Ritish"]
[Result "1/2-1/2"]
[WhiteElo "1606"]
[BlackElo "1516"]
[PlyCount "62"]
[EventDate "2016.??.??"]

1. e4 d5 2. exd5 Qxd5 3. Nc3 Qd6 4. Nf3 Nf6 5. Bc4 g6 6. O-O Bg7 7. d4 O-O 8.
Be3 Nbd7 9. Re1 a6 10. a3 b5 11. Bb3 Bb7 12. h3 e6 13. Qe2 Rfe8 14. Kh1 Re7 15.
Rad1 Rae8 16. Nh2 Qc6 17. f3 Nd5 18. Nxd5 exd5 19. Qd2 Qf6 20. Bf2 Rxe1+ 21.
Rxe1 Rxe1+ 22. Qxe1 Qb6 23. Qd2 Qf6 24. Qe1 Qb6 25. Qd2 Qf6 26. Qe1 Qb6 27. Qd2
Qf6 28. Qe1 Qb6 29. Qd2 Qf6 30. Qe1 Qb6 31. Qd2 Qf6 1/2-1/2

[Event "SUI-ch U12"]
[Site "Kreuzlingen"]
[Date "2016.07.02"]
[Round "5.1"]
[White "Fecker, Noah"]
[Black "Tamrazyan, Gohar"]
[Result "0-1"]
[WhiteElo "1976"]
[BlackElo "1727"]
[PlyCount "110"]
[EventDate "2016.??.??"]

1. e4 e6 2. d4 d5 3. Nc3 dxe4 4. Nxe4 Nd7 5. Bd3 Ngf6 6. Qe2 Nxe4 7. Bxe4 Nf6
8. Bxb7 Bxb7 9. Qb5+ Qd7 10. Qxb7 Qd5 11. Qxd5 Nxd5 12. c3 Rb8 13. Ne2 Bd6 14.
O-O g5 15. c4 Nf4 16. Re1 Nd3 17. Rd1 Nxc1 18. Rdxc1 Rxb2 19. Rab1 Rxb1 20.
Rxb1 Kd7 21. Nc3 f5 22. a4 a5 23. Kf1 Bb4 24. Na2 Rb8 25. Ke2 Kd6 26. c5+ Kd5
27. Kd3 Rb7 28. Nxb4+ axb4 29. Re1 b3 30. Re5+ Kc6 31. Rxe6+ Kd5 32. Re5+ Kc6
33. Re1 b2 34. Rb1 Rb4 35. a5 Kb5 36. Kc3 Kxa5 37. Rxb2 Rxb2 38. Kxb2 Kb4 39.
Ka2 Kc4 40. Ka3 Kxd4 41. Kb4 c6 42. h3 h5 43. g3 g4 44. hxg4 hxg4 45. Kb3 Kxc5
46. Kc3 Kd5 47. Kd3 c5 48. Ke3 c4 49. Kf4 Kd4 50. Kxf5 c3 51. Kxg4 c2 52. f4
c1=Q 53. Kf5 Qc8+ 54. Kg5 Ke4 55. g4 Qd8+ 0-1

[Event "SUI-ch U12"]
[Site "Kreuzlingen"]
[Date "2016.07.01"]
[Round "5.2"]
[White "Cordey, Colin"]
[Black "Schlegel, Igor"]
[Result "0-1"]
[WhiteElo "1761"]
[BlackElo "1830"]
[PlyCount "62"]
[EventDate "2016.??.??"]

1. d4 Nf6 2. Nf3 e6 3. e3 Be7 4. Bd3 b6 5. Nbd2 Bb7 6. b3 O-O 7. Bb2 d5 8. Ne5
c5 9. O-O Nc6 10. a3 Nxe5 11. dxe5 Ne4 12. c4 Qc7 13. Rc1 Rfd8 14. f4 Rd7 15.
Qc2 Nxd2 16. Qxd2 dxc4 17. Rxc4 Ba6 18. Rc3 Rad8 19. Rd1 Rxd3 20. Rxd3 Rxd3 21.
Qc2 Rxd1+ 22. Qxd1 Bb7 23. a4 Qd8 24. Qe2 Qd5 25. Qc2 Bh4 26. h3 Bg3 27. Bc1
Qe4 28. Qd2 Bd5 29. Ba3 Qb1+ 30. Bc1 Qe4 31. Ba3 h6 0-1

[Event "SUI-ch U12"]
[Site "Kreuzlingen"]
[Date "2016.07.01"]
[Round "5.3"]
[White "Python, Noe"]
[Black "Villanyi, Alexia"]
[Result "0-1"]
[WhiteElo "1502"]
[BlackElo "1668"]
[PlyCount "58"]
[EventDate "2016.??.??"]

1. e4 c5 2. Nf3 d6 3. d4 cxd4 4. Nxd4 Nf6 5. Nc3 g6 6. Be3 Bg7 7. f3 Nc6 8. Qd2
Bd7 9. O-O-O a6 10. g4 b5 11. h4 b4 12. Nd5 Nxd5 13. exd5 Ne5 14. Qxb4 Rb8 15.
Qa3 Nxf3 16. Qxa6 Ra8 17. Qc4 Ne5 18. Qb3 Nxg4 19. a3 O-O 20. Rd2 Re8 21. Rg2
Qa5 22. Be2 Nxe3 23. Qxe3 Rac8 24. Bf3 Qc5 25. Rd2 e5 26. dxe6 fxe6 27. Re1 e5
28. Bd5+ Qxd5 29. Nf5 Qa2 0-1

[Event "SUI-ch U12"]
[Site "Kreuzlingen"]
[Date "2016.07.01"]
[Round "5.4"]
[White "Stijve, Niels"]
[Black "Babineca, Darja"]
[Result "1-0"]
[WhiteElo "1662"]
[BlackElo "1755"]
[PlyCount "49"]
[EventDate "2016.??.??"]

1. e4 e5 2. Nf3 Nf6 3. Nc3 Bb4 4. Bc4 O-O 5. O-O Bxc3 6. bxc3 d6 7. Re1 Re8 8.
h3 Nc6 9. d3 d5 10. exd5 Nxd5 11. Bb2 Bf5 12. Bb5 f6 13. Nh4 Bd7 14. Qf3 Nde7
15. g4 e4 16. Qxe4 Ng6 17. Qd5+ Be6 18. Qxd8 Raxd8 19. Nxg6 hxg6 20. d4 Bd5 21.
c4 Bf7 22. d5 Ne5 23. Bxe8 Nf3+ 24. Kf1 Nxe1 25. Bxf7+ 1-0

[Event "SUI-ch U12"]
[Site "Kreuzlingen"]
[Date "2016.07.02"]
[Round "5.5"]
[White "Tschopp, Olivier"]
[Black "Kostina, Veronika"]
[Result "1/2-1/2"]
[WhiteElo "1566"]
[BlackElo "1635"]
[PlyCount "164"]
[EventDate "2016.??.??"]

1. e4 c5 2. Nf3 e6 3. Nc3 Nc6 4. Be2 Nf6 5. d3 Be7 6. Bg5 d5 7. exd5 exd5 8.
Bxf6 Bxf6 9. Qd2 O-O 10. O-O Be6 11. a3 Qa5 12. Rab1 Bxc3 13. Qxc3 Qxc3 14.
bxc3 b6 15. d4 c4 16. Rfe1 Bf5 17. Rb2 Rfe8 18. Kf1 f6 19. Rb5 Be6 20. Nd2 Bf7
21. Bf3 Rxe1+ 22. Kxe1 Re8+ 23. Kd1 Ne7 24. a4 Rb8 25. a5 Be8 26. Rb2 b5 27.
Ke2 Bf7 28. Nb1 a6 29. Nd2 Nc6 30. Ke3 Kf8 31. Nf1 b4 32. cxb4 Rxb4 33. Rxb4
Nxb4 34. c3 Nc6 35. Nd2 Nxa5 36. Ke2 Ke7 37. Kd1 Kd6 38. Kc2 Kc6 39. Kb2 Kb5
40. Ka3 Nb7 41. h3 Nd6 42. g4 Ka5 43. Nf1 Nb5+ 44. Kb2 Kb6 45. Ne3 Nc7 46. Ka3
Ka7 47. Kb4 Kb6 48. h4 a5+ 49. Ka4 Be8+ 50. Ka3 Bc6 51. g5 fxg5 52. hxg5 a4 53.
Nc2 Nb5+ 54. Kb2 Nc7 55. Bg4 Ne8 56. f3 Nd6 57. Be6 Nb5 58. Na3 Nc7 59. Bg8 h5
60. gxh6 gxh6 61. Bh7 h5 62. Bf5 h4 63. Bh3 Nb5 64. f4 Be8 65. Nxb5 Kxb5 66.
Ka3 Kb6 67. f5 Kc7 68. f6 Kd6 69. Kb4 Bf7 70. Kxa4 Be6 71. Bf1 h3 72. f7 Ke7
73. f8=Q+ Kxf8 74. Bxh3 Bxh3 75. Ka3 Ke7 76. Kb2 Bf5 77. Kc1 Be4 78. Kd2 Kd6
79. Kc1 Kc6 80. Kb2 Kb5 81. Ka2 Ka4 82. Kb2 Bb1 1/2-1/2

[Event "SUI-ch U12"]
[Site "Kreuzlingen"]
[Date "2016.07.01"]
[Round "5.6"]
[White "Bounlom, Jannik"]
[Black "Binz, Lennox"]
[Result "1/2-1/2"]
[WhiteElo "1817"]
[BlackElo "1669"]
[PlyCount "79"]
[EventDate "2016.??.??"]

1. e4 c5 2. Nf3 a6 3. c3 d5 4. exd5 Qxd5 5. d4 e6 6. Be3 cxd4 7. Bxd4 Nc6 8.
Nbd2 Nxd4 9. Nxd4 Bc5 10. N2b3 Bxd4 11. Nxd4 e5 12. Nf3 Qe6 13. Bd3 Nf6 14. O-O
Qc6 15. Nxe5 Qc5 16. Re1 O-O 17. Qd2 Be6 18. Qe3 Qc7 19. Rad1 Nd5 20. Qf3 Qb6
21. Bc4 Ne7 22. Bxe6 fxe6 23. Nd7 Qxb2 24. Nxf8 Rxf8 25. Qg3 Nd5 26. c4 Nc3 27.
Qe3 Nxd1 28. Rxd1 Qxa2 29. Qxe6+ Kh8 30. f3 h6 31. Qe7 Rg8 32. Qh4 Re8 33. h3
Qe2 34. Rd6 Qe3+ 35. Qf2 Qc1+ 36. Kh2 Qxc4 37. Qd2 Qc7 38. Kg1 Qc5+ 39. Kh2 a5
40. Rxh6+ 1/2-1/2

[Event "SUI-ch U12"]
[Site "Kreuzlingen"]
[Date "2016.07.01"]
[Round "5.7"]
[White "Monnier, Shakil"]
[Black "Peter, Yul"]
[Result "1-0"]
[WhiteElo "1453"]
[BlackElo "1606"]
[PlyCount "83"]
[EventDate "2016.??.??"]

1. Nf3 d5 2. b3 Nc6 3. Bb2 Bf5 4. e3 e6 5. Bb5 Nge7 6. O-O a6 7. Be2 f6 8. Nh4
e5 9. Nxf5 Nxf5 10. d4 e4 11. c4 Nh6 12. Nc3 dxc4 13. Nxe4 cxb3 14. Qxb3 b6 15.
Rac1 Qd7 16. Qc4 Nb4 17. a3 Nd5 18. Bf3 Qb5 19. Qxd5 Qxd5 20. Nxf6+ gxf6 21.
Bxd5 Rd8 22. Bb7 Bd6 23. Bxa6 Rg8 24. d5 Ke7 25. Rfd1 Rg7 26. a4 Rdg8 27. g3
Rg5 28. Rd3 Rh5 29. Ba3 Bxa3 30. Rxa3 Kd6 31. e4 Ng4 32. Rc6+ Kd7 33. h4 Rg6
34. Rac3 Ne5 35. Rxc7+ Kd8 36. Ra7 Nd7 37. d6 Nc5 38. Rc2 Rxh4 39. Kf1 Rxe4 40.
a5 Nxa6 41. Rxa6 bxa5 42. Rc7 1-0

[Event "SUI-ch U12"]
[Site "Kreuzlingen"]
[Date "2016.07.01"]
[Round "5.8"]
[White "Kannan, Ritish"]
[Black "Demiraj, Damian"]
[Result "1-0"]
[WhiteElo "1516"]
[BlackElo "1565"]
[PlyCount "129"]
[EventDate "2016.??.??"]

1. d4 d6 2. c4 e5 3. dxe5 dxe5 4. Qxd8+ Kxd8 5. e4 Nc6 6. Nf3 Nf6 7. Nc3 Nd4 8.
Nxe5 Nc2+ 9. Kd1 Nxa1 10. Nxf7+ Ke8 11. Nxh8 Ng4 12. Be3 Be6 13. Be2 Rd8+ 14.
Kc1 Nxe3 15. fxe3 Bc5 16. Nd1 Ke7 17. Kb1 Rxh8 18. Kxa1 Kd6 19. b3 Ke5 20. Bf3
g5 21. h3 h5 22. Kb2 Bf7 23. Re1 Bg6 24. Nf2 Rd8 25. Kc2 a5 26. g3 Rf8 27. Nd3+
Kd6 28. e5+ Kd7 29. Rf1 Ke7 30. Kd2 Bxd3 31. Kxd3 g4 {(=)} 32. hxg4 hxg4 33.
Be2 Rd8+ 34. Ke4 Rd2 35. Bxg4 Rxa2 36. e6 Rb2 37. Rf7+ Kd8 38. Rd7+ Ke8 39.
Rxc7 b6 40. Bh5+ Kf8 41. Rf7+ Ke8 42. Rf2+ Ke7 43. Rxb2 Kxe6 44. Bg4+ Kf6 45.
Rf2+ Kg5 46. Rf5+ Kg6 47. Rxc5 bxc5 48. Kd5 Kg5 49. e4 Kxg4 50. e5 a4 51. bxa4
Kxg3 52. e6 Kf3 53. e7 Ke3 54. e8=Q+ Kd3 55. Qe4+ Kc3 56. Kxc5 Kb3 57. Qb7+ Kc3
58. Qf3+ Kd2 59. Kd4 Kc2 60. Qc3+ Kb1 61. Qd2 Ka1 62. Kc5 Kb1 63. Kb4 Ka1 64.
Kb3 Kb1 65. Qb2# 1-0

[Event "SUI-ch U12"]
[Site "Kreuzlingen"]
[Date "2016.07.02"]
[Round "6.1"]
[White "Schlegel, Igor"]
[Black "Tamrazyan, Gohar"]
[Result "1-0"]
[WhiteElo "1830"]
[BlackElo "1727"]
[PlyCount "127"]
[EventDate "2016.??.??"]

1. e4 e6 2. d4 d5 3. e5 c5 4. c3 Nc6 5. Nf3 Qb6 6. Bd3 Bd7 7. dxc5 Bxc5 8. O-O
Nge7 9. b4 Nxb4 10. cxb4 Bd4 11. Be3 Bxe3 12. fxe3 Qxe3+ 13. Kh1 Nc6 14. Re1
Qf4 15. a3 Rc8 16. Qd2 Qxd2 17. Nbxd2 O-O 18. Nb3 b6 19. Rac1 f6 20. Ba6 Rb8
21. exf6 Rxf6 22. Bb5 Rc8 23. Bxc6 Rxc6 24. Rxc6 Bxc6 25. Nbd4 Bd7 26. b5 h6
27. Kg1 Kf7 28. Ne5+ Ke7 29. Ndc6+ Bxc6 30. Nxc6+ Kd6 31. Re3 a6 32. a4 Rf4 33.
bxa6 Rxa4 34. Nd8 Rxa6 35. Nxe6 Ra7 36. Kf2 Rb7 37. Nd4 Kc5 38. Nb3+ Kc4 39.
Ke2 d4 40. Rf3 Re7+ 41. Kd2 Re3 42. Nxd4 Rxf3 43. Nxf3 b5 44. Kc2 Kd5 45. Kd3
b4 46. Nd4 g5 47. g4 Ke5 48. Ke3 b3 49. Nxb3 Kf6 50. Ke4 Kg6 51. Ke5 h5 52. h3
hxg4 53. hxg4 Kh7 54. Kf6 Kh6 55. Nd4 Kh7 56. Kxg5 Kg7 57. Nf5+ Kg8 58. Kg6 Kh8
59. g5 Kg8 60. Kf6 Kf8 61. g6 Kg8 62. g7 Kh7 63. Nh6 Kxh6 64. g8=Q 1-0

[Event "SUI-ch U12"]
[Site "Kreuzlingen"]
[Date "2016.07.02"]
[Round "6.2"]
[White "Villanyi, Alexia"]
[Black "Fecker, Noah"]
[Result "0-1"]
[WhiteElo "1668"]
[BlackElo "1976"]
[PlyCount "58"]
[EventDate "2016.??.??"]

1. e4 c5 2. Nf3 e6 3. d4 cxd4 4. Nxd4 Nc6 5. Nc3 Qc7 6. Be2 a6 7. Be3 Nf6 8. a3
b5 9. O-O Be7 10. Qd2 Bb7 11. Bf3 O-O 12. Rad1 d6 13. Rfe1 Ne5 14. Bg5 Rfd8 15.
Qc1 Rac8 16. h4 h6 17. Bxh6 gxh6 18. Qxh6 Nh7 19. Nce2 Bf8 20. Qf4 Qe7 21. Qg3+
Kh8 22. Nf4 Bh6 23. Nh5 Rg8 24. Qh3 Nf6 25. b4 Ng6 26. Nxf6 Qxf6 27. h5 Ne5 28.
Rb1 Rc4 29. Rbd1 Rxd4 0-1

[Event "SUI-ch U12"]
[Site "Kreuzlingen"]
[Date "2016.07.02"]
[Round "6.3"]
[White "Tschopp, Olivier"]
[Black "Stijve, Niels"]
[Result "1/2-1/2"]
[WhiteElo "1566"]
[BlackElo "1662"]
[PlyCount "62"]
[EventDate "2016.??.??"]

1. e4 Nf6 2. e5 Nd5 3. c4 Nb6 4. d4 d6 5. exd6 cxd6 6. Nf3 g6 7. Be3 Bg7 8. Be2
Nc6 9. O-O Bg4 10. Nbd2 O-O 11. h3 Bxf3 12. Nxf3 a5 13. Qd2 Re8 14. Rab1 a4 15.
Nh2 Na5 16. b3 axb3 17. axb3 Qc7 18. Rfc1 Nc6 19. Ra1 f5 20. b4 e5 21. dxe5
Nxe5 22. Rxa8 Rxa8 23. c5 dxc5 24. Rxc5 Ra1+ 25. Nf1 Qe7 26. Bd4 Ra8 27. Qc3
Ned7 28. Bc4+ Kf8 29. Bxg7+ Qxg7 30. Qxg7+ Kxg7 31. Rc7 Rd8 1/2-1/2

[Event "SUI-ch U12"]
[Site "Kreuzlingen"]
[Date "2016.07.02"]
[Round "6.4"]
[White "Monnier, Shakil"]
[Black "Cordey, Colin"]
[Result "0-1"]
[WhiteElo "1453"]
[BlackElo "1761"]
[PlyCount "86"]
[EventDate "2016.??.??"]

1. Nf3 d5 2. b3 Nf6 3. Bb2 Nbd7 4. e3 e6 5. Bb5 c6 6. Be2 Bd6 7. c4 O-O 8. O-O
e5 9. d4 Re8 10. dxe5 Nxe5 11. Nxe5 Bxe5 12. Bxe5 Rxe5 13. Nc3 Bf5 14. Qd4 Qe7
15. Bf3 Be4 16. Bxe4 Nxe4 17. Nxe4 Rxe4 18. Qc3 dxc4 19. bxc4 Rd8 20. Rad1 h6
21. Qc2 Rxd1 22. Rxd1 f5 23. Qb3 Kh7 24. Rd4 Rxd4 25. g3 Re4 26. Qd3 Qf7 27. g4
Rxg4+ 28. Kf1 Qxc4 29. Ke2 Qxd3+ 30. Kxd3 Ra4 31. f4 Rxa2 32. h4 Rh2 33. Kd4
Rxh4 34. Ke5 Rh3 35. Kxf5 Rxe3 36. Kg4 a5 37. f5 a4 38. f6 gxf6 39. Kf4 Re5 40.
Kg4 a3 41. Kh4 a2 42. Kg4 a1=Q 43. Kh4 Rg5 0-1

[Event "SUI-ch U12"]
[Site "Kreuzlingen"]
[Date "2016.07.02"]
[Round "6.5"]
[White "Kostina, Veronika"]
[Black "Bounlom, Jannik"]
[Result "1-0"]
[WhiteElo "1635"]
[BlackElo "1817"]
[PlyCount "127"]
[EventDate "2016.??.??"]

1. e4 e5 2. Nf3 Nc6 3. Bb5 a6 4. Ba4 Nf6 5. d4 exd4 6. Bxc6 dxc6 7. e5 Ne4 8.
Qxd4 Qxd4 9. Nxd4 Nc5 10. Nc3 Ne6 11. Be3 Bb4 12. Nde2 O-O 13. O-O-O b5 14. f4
f5 15. a3 Be7 16. Kb1 a5 17. Na2 g6 18. Nd4 Nxd4 19. Bxd4 Be6 20. Nc1 c5 21.
Be3 c4 22. c3 c5 23. Ne2 Rfb8 24. Rd2 b4 25. Ka2 Rb7 26. Rc1 Rab8 27. g3 Bd7
28. Ng1 Ba4 29. Ne2 Bd7 30. Rcd1 Be6 31. Rc1 Kg7 32. h3 Rc7 33. Rg1 h5 34. Rc1
Rcc8 35. Rcd1 Kf7 36. Bf2 Kg7 37. Be3 h4 38. Rg1 hxg3 39. Rxg3 Rh8 40. Ng1 Bc8
41. Nf3 Be6 42. Rh2 Rbd8 43. Ng5 b3+ 44. Kb1 Bc8 45. Bc1 Bb7 46. Rd2 a4 47.
Ne6+ Kf7 48. Nxd8+ Bxd8 49. Rd7+ Ke8 50. Rxb7 Rg8 51. e6 Bf6 52. Rb8+ Bd8 53.
Rc8 Ke7 54. Rxc5 Kxe6 55. Rc6+ Kf7 56. Rxc4 Re8 57. Re3 Rh8 58. Rxa4 Bb6 59.
Rd3 Re8 60. Rb4 Bc5 61. Rb7+ Ke6 62. Rb5 Ba7 63. Re5+ Kf7 64. Rd7+ 1-0

[Event "SUI-ch U12"]
[Site "Kreuzlingen"]
[Date "2016.07.02"]
[Round "6.6"]
[White "Binz, Lennox"]
[Black "Kannan, Ritish"]
[Result "1-0"]
[WhiteElo "1669"]
[BlackElo "1516"]
[PlyCount "79"]
[EventDate "2016.??.??"]

1. e4 d5 2. exd5 Qxd5 3. Nc3 Qd6 4. Nf3 Nf6 5. Bc4 g6 6. O-O Bg7 7. d3 O-O 8.
Re1 e6 9. Nb5 Qb6 10. Be3 Qc6 11. Ne5 Qa6 12. b4 Nbd7 13. Nxd7 Bxd7 14. Nxc7
Qc6 15. Nxa8 Rxa8 16. Bd4 Qd6 17. Be5 Qc6 18. b5 Qc5 19. Qf3 Nd5 20. Bxg7 Kxg7
21. a4 b6 22. Re5 Qd4 23. Rae1 Nc7 24. h3 Rd8 25. R5e4 Qc3 26. Bb3 f5 27. R4e2
Re8 28. Qf4 Qc5 29. d4 Nd5 30. Qe5+ Kf7 31. dxc5 bxc5 32. Bxd5 exd5 33. Qxd5+
Be6 34. Rxe6 Rxe6 35. Qxe6+ Kg7 36. Qe7+ Kh6 37. Qh4+ Kg7 38. Re7+ Kf8 39. Qxh7
c4 40. Qf7# 1-0

[Event "SUI-ch U12"]
[Site "Kreuzlingen"]
[Date "2016.07.02"]
[Round "6.7"]
[White "Demiraj, Damian"]
[Black "Python, Noe"]
[Result "1-0"]
[WhiteElo "1565"]
[BlackElo "1502"]
[PlyCount "101"]
[EventDate "2016.??.??"]

1. e4 d6 2. d4 Nf6 3. Nc3 Nbd7 4. Nf3 e5 5. Bc4 Be7 6. O-O O-O 7. Be3 c6 8. Qd3
b5 9. Bb3 Qc7 10. a3 a5 11. Rfd1 Ba6 12. Ne2 b4 13. Bc4 Bxc4 14. Qxc4 bxa3 15.
Rxa3 d5 16. exd5 Bxa3 17. bxa3 Nxd5 18. Nxe5 Nxe5 19. dxe5 Nxe3 20. fxe3 Qxe5
21. Qd4 Qxd4 22. Rxd4 h6 23. Rc4 Rfe8 24. Kf2 Ra6 25. Nd4 Rc8 26. Ke2 Kf8 27.
Kd3 Ke8 28. Kc3 c5 29. Nb3 a4 30. Nd2 Re6 31. e4 Ra6 32. e5 Ra5 33. Rg4 g6 34.
Rh4 h5 35. Nc4 Ke7 36. Nxa5 Ke6 37. Rxa4 Ra8 38. Kc4 Kxe5 39. Nc6+ Kd6 40. Rxa8
Kxc6 41. Ra7 Kd6 42. Rxf7 Ke6 43. Rf1 Ke5 44. Kxc5 g5 45. a4 g4 46. a5 h4 47.
a6 g3 48. h3 Ke6 49. a7 Ke5 50. a8=Q Ke6 51. Qe8# 1-0

[Event "SUI-ch U12"]
[Site "Kreuzlingen"]
[Date "2016.07.02"]
[Round "6.8"]
[White "Babineca, Darja"]
[Black "Peter, Yul"]
[Result "1/2-1/2"]
[WhiteElo "1755"]
[BlackElo "1606"]
[PlyCount "81"]
[EventDate "2016.??.??"]

1. e4 e5 2. Nf3 Nc6 3. Bc4 Bc5 4. Nc3 Nf6 5. d3 h6 6. Be3 Bb6 7. O-O d6 8. h3
Be6 9. Bb3 O-O 10. d4 exd4 11. Nxd4 Nxd4 12. Bxd4 Bxb3 13. axb3 c5 14. Be3 a6
15. Bf4 Bc7 16. Qd3 Re8 17. Rfe1 b5 18. Rad1 Re6 19. Nd5 Nxd5 20. Qxd5 a5 21.
Qd3 Rb8 22. Qe3 Qe7 23. f3 c4 24. Kf1 Qh4 25. Rd5 cxb3 26. cxb3 Qf6 27. Qd2 a4
28. b4 Kh7 29. Rc1 Rb7 30. Rc6 g6 31. Bxd6 Bxd6 32. Rcxd6 Rxd6 33. Rxd6 Qe5 34.
Rd5 Qe7 35. Qd4 Qc7 36. Rd8 Qc4+ 37. Ke1 Qxd4 38. Rxd4 Kg7 39. Rd6 Rc7 40. Kd2
Rc4 41. Rb6 1/2-1/2

[Event "SUI-ch U12"]
[Site "Kreuzlingen"]
[Date "2016.07.03"]
[Round "7.1"]
[White "Fecker, Noah"]
[Black "Stijve, Niels"]
[Result "1/2-1/2"]
[WhiteElo "1976"]
[BlackElo "1662"]
[PlyCount "63"]
[EventDate "2016.??.??"]

1. e4 Nf6 2. e5 Nd5 3. d4 d6 4. c4 Nb6 5. exd6 cxd6 6. Nc3 g6 7. Be3 Bg7 8. Rc1
O-O 9. b3 Nc6 10. Nf3 Bg4 11. Be2 d5 12. c5 Nc8 13. O-O e6 14. a3 a6 15. Ne1
Bxe2 16. Nxe2 N8e7 17. Nc2 Nf5 18. b4 b5 19. Qd2 f6 20. Rcd1 Ra7 21. Rfe1 Qa8
22. Qd3 Rd8 23. Nf4 Kf7 24. Bd2 e5 25. dxe5 Nxe5 26. Qb3 Nc4 27. Bc3 Re7 28.
Rxe7+ Kxe7 29. a4 Nh4 30. Nd4 Qb7 31. axb5 axb5 32. Nde6 1/2-1/2

[Event "SUI-ch U12"]
[Site "Kreuzlingen"]
[Date "2016.07.03"]
[Round "7.2"]
[White "Villanyi, Alexia"]
[Black "Schlegel, Igor"]
[Result "1-0"]
[WhiteElo "1668"]
[BlackElo "1830"]
[PlyCount "69"]
[EventDate "2016.??.??"]

1. e4 e5 2. Nf3 Nc6 3. Nc3 Nf6 4. Bb5 Bb4 5. O-O O-O 6. d3 d6 7. h3 h6 8. Ne2
Bd7 9. Ng3 a6 10. Bc4 Ne7 11. c3 Ba5 12. d4 exd4 13. cxd4 d5 14. e5 Nh7 15. Bd3
Re8 16. Be3 Nf8 17. Nh4 Be6 18. f4 Nc6 19. Nf3 f6 20. f5 fxe5 21. dxe5 d4 22.
Bf4 Bd5 23. e6 b5 24. a3 Nh7 25. Nh5 Bb6 26. Qe1 Nf6 27. Nxf6+ Qxf6 28. Qg3
Bxe6 29. fxe6 Rxe6 30. Kh1 Rae8 31. Bd2 Qd8 32. a4 Qd5 33. Bg6 Rd8 34. Bxh6 Qd6
35. Bh7+ 1-0